The evolution of nuclear deterrence in South Asia / (Record no. 331587)

000 -LEADER
fixed length control field 01270cam a2200337 i 4500
001 - CONTROL NUMBER
control field 18111798
003 - CONTROL NUMBER IDENTIFIER
control field NUST
005 - DATE AND TIME OF LATEST TRANSACTION
control field 20171004155145.0
008 - FIXED-LENGTH DATA ELEMENTS--GENERAL INFORMATION
fixed length control field 140411s2014 pk b 001 0 eng
010 ## - LIBRARY OF CONGRESS CONTROL NUMBER
LC control number 2014323549
020 ## - INTERNATIONAL STANDARD BOOK NUMBER
International Standard Book Number 9789699982002
040 ## - CATALOGING SOURCE
Original cataloging agency DLC
Language of cataloging eng
Transcribing agency DLC
Description conventions rda
042 ## - AUTHENTICATION CODE
Authentication code lcode
-- pcc
043 ## - GEOGRAPHIC AREA CODE
Geographic area code az-----
050 00 - LIBRARY OF CONGRESS CALL NUMBER
Classification number U162.6
Item number .Y35 2014
082 ## - DEWEY DECIMAL CLASSIFICATION NUMBER
Classification number 355.033554
Author Mark YAM
100 1# - MAIN ENTRY--PERSONAL NAME
Personal name Yamin, Tughral.
9 (RLIN) 1533
245 14 - TITLE STATEMENT
Title The evolution of nuclear deterrence in South Asia /
Statement of responsibility, etc. Tughral Yamin.
246 3# - VARYING FORM OF TITLE
Title proper/short title Nuclear deterrence in South Asia
264 #3 - PRODUCTION, PUBLICATION, DISTRIBUTION, MANUFACTURE, AND COPYRIGHT NOTICE
Place of production, publication, distribution, manufacture Islamabad :
Name of producer, publisher, distributor, manufacturer The Army Press,
Date of production, publication, distribution, manufacture, or copyright notice 2014
300 ## - PHYSICAL DESCRIPTION
Extent vii, 272 pages ;
Dimensions 22 cm
336 ## - CONTENT TYPE
Content type term text
Source rdacontent
337 ## - MEDIA TYPE
Media type term unmediated
Source rdamedia
338 ## - CARRIER TYPE
Carrier type term volume
Source rdacarrier
500 ## - GENERAL NOTE
General note Based on the author's PhD dissertation, Quaid-i Azam University, Department of Defence & Strategic Studies.
504 ## - BIBLIOGRAPHY, ETC. NOTE
Bibliography, etc. note Includes bibliographical references (pages 231-264 and index.
650 #0 - SUBJECT ADDED ENTRY--TOPICAL TERM
Topical term or geographic name entry element Nuclear warfare
Geographic subdivision South Asia
General subdivision History.
9 (RLIN) 5256
650 #0 - SUBJECT ADDED ENTRY--TOPICAL TERM
Topical term or geographic name entry element Deterrence (Strategy)
General subdivision History.
9 (RLIN) 5257
650 #0 - SUBJECT ADDED ENTRY--TOPICAL TERM
Topical term or geographic name entry element Military policy
Geographic subdivision South Asia
General subdivision History.
9 (RLIN) 5258
906 ## - LOCAL DATA ELEMENT F, LDF (RLIN)
a 7
b cbc
c orignew
d 3
e ncip
f 20
g y-gencatlg
942 ## - ADDED ENTRY ELEMENTS (KOHA)
Source of classification or shelving scheme
Koha item type Book
Holdings
Withdrawn status Lost status Source of classification or shelving scheme Damaged status Not for loan Collection code Permanent Location Current Location Shelving location Date acquired Total Checkouts Full call number Barcode Date last seen Copy number Price effective from Koha item type
            Central Library (CL) Central Library (CL) Book Cart 10/04/2017   355.033554 YAM CL2418 12/31/2018 1 10/04/2017 Book
            Central Library (CL) Central Library (CL) Book Cart 05/19/2018   355.033554 YAM CL1439 05/19/2018 2 05/19/2018 Book
            Central Library (CL) Central Library (CL) Book Cart 05/19/2018   355.033554 YAM CL1984 04/21/2022 3 05/19/2018 Book
© 2023 Central Library, National University of Sciences and Technology. All Rights Reserved.